[Event "Teheran FIDE GP (Women)"]
[Site "Teheran"]
[Date "2016.02.19"]
[Round "8"]
[White "Batsiashvili, Nino"]
[Black "Gunina, Valentina"]
[Result "0-1"]
[WhiteElo "2485"]
[BlackElo "2496"]
[Annotator "CB"]
[PlyCount "78"]
[EventDate "2016.02.11"]
[EventType "tourn"]
[EventRounds "11"]
[EventCountry "IRI"]
[EventCategory "11"]
[SourceTitle "CBM 171"]
[Source "ChessBase"]
[SourceDate "2016.03.14"]
[SourceVersion "2"]
[SourceVersionDate "2016.03.14"]
[SourceQuality "1"]

1. Nf3 d5 2. c4 c6 3. e3 Nf6 4. Nc3 a6 5. b3 (5. d4 {ergäbe die
Ausgangsstellung der Slawischen Chebanenko-Variante.}) 5... Bg4 6. Be2 e6 7.
Bb2 Nbd7 8. h3 Bh5 9. g4 ({Einige Male geschah hier} 9. O-O Bd6 10. d4 O-O 11.
Ne5 Bxe2 12. Nxe2 Qc7 13. Nxd7 Qxd7 14. Nc3 $11) 9... Bg6 10. Nh4 b5 11. Nxg6
hxg6 12. Qc2 Bd6 13. g5 Nh5 {Der Springer steht hier etwas abseits und im
Moment ist nicht klar, wie er von hier wieder ins Spiel finden soll.} (13...
Ng8 $5 14. h4 Ne7) 14. h4 Qe7 15. a4 bxc4 16. bxc4 O-O 17. a5 Rab8 {[#]} 18.
Na4 e5 {Der König in der Mitte ist für Weiß auch kein reines Vergnügen.}
19. c5 Nxc5 20. Nxc5 Bxc5 21. Bxa6 f5 22. Be2 {Weiß hat sich einen Freibauern
verschafft, aber wie soll sie die Bauernwalze vor dem König stoppen?} e4 23.
Qc3 f4 24. Qe5 {Damentausch wäre natürlich im Sinne von Weiß.} (24. Bg4 fxe3
25. fxe3 (25. dxe3 Bb4) 25... Ng3 26. Rg1 Nf5 {ist ebenfalls günstig für
Schwarz.}) 24... Qf7 25. Rf1 (25. Bxh5 gxh5 26. Rf1 fxe3 27. dxe3 Bd6 28. Qxd6
Rxb2 $19) 25... Rfe8 $19 26. Qc3 Bb4 {Die weiße Stellung wird nun gestürmt.}
27. Qc2 f3 28. Bd1 {[#]} Nf4 {So kommt der Springer also wieder ins Spiel.} 29.
exf4 e3 ({Oder auch} 29... Qxf4 30. a6 e3 31. fxe3 Qxe3+ 32. Be2 Qxe2#) 30.
fxe3 Qxf4 31. Bxf3 Rxe3+ 32. Kd1 Rxf3 33. Re1 Rf1 34. Qd3 Rxe1+ 35. Kxe1 Qg4 {
Droht Te8 und Lc5 mit Matt.} 36. Qd4 {Droht auch Matt, aber...} Re8+ 37. Kf1
Qf3+ 38. Kg1 Bc5 39. Qxc5 Re2 0-1

[Event "Snowdrops-Old Hands"]
[Site "Podebrady"]
[Date "2013.12.05"]
[Round "5.2"]
[White "Uhlmann, Wolfgang"]
[Black "Kashlinskaya, Alina"]
[Result "0-1"]
[WhiteElo "2334"]
[BlackElo "2422"]
[Annotator "CB"]
[PlyCount "38"]
[EventDate "2013.11.30"]
[EventType "schev"]
[EventRounds "8"]
[EventCountry "CZE"]
[SourceTitle "CBM 157 Extra"]
[Source "ChessBase"]
[SourceDate "2013.12.19"]
[SourceVersion "1"]
[SourceVersionDate "2013.12.19"]
[SourceQuality "1"]
[WhiteTeam "Old Hands"]
[BlackTeam "Snowdrops"]
[WhiteClock "0:28:31"]
[BlackClock "0:23:57"]

1. c4 e6 2. Nc3 d5 3. e3 c6 4. b3 Nf6 5. Nf3 Bd6 6. Bb2 O-O 7. Be2 Nbd7 8. O-O
e5 9. cxd5 e4 10. Nd4 cxd5 11. Nf5 Be5 12. Ba3 Re8 13. d4 $2 {Suicidal!} ({
After} 13. Rc1 {White has a nice, playable position.}) 13... exd3 14. Qxd3 Qa5
15. Ne7+ Kh8 16. Nb5 $2 {This simply loses substantial material.} (16. Na4 {
would allow White to fight on.}) 16... Bxa1 17. Rxa1 a6 18. Nd6 Rxe7 19. Nxc8
Qxa3 0-1

[Event "Sharjah FIDE GP (Women)"]
[Site "Sharjah"]
[Date "2014.09.02"]
[Round "8"]
[White "Danielian, Elina"]
[Black "Muminova, Nafisa"]
[Result "1-0"]
[WhiteElo "2490"]
[BlackElo "2315"]
[Annotator "CB"]
[PlyCount "73"]
[EventDate "2014.08.25"]
[EventType "tourn"]
[EventRounds "11"]
[EventCountry "UAE"]
[EventCategory "10"]
[SourceTitle "CBM 162"]
[Source "ChessBase"]
[SourceDate "2014.09.17"]
[SourceVersion "1"]
[SourceVersionDate "2014.09.17"]
[SourceQuality "1"]

{Danielian's choice of opening was spot-on as Muminova clearly was not
familiar with the plans of the position. She quickly lost the pair of bishops
and conceded the open c-file, more than enough for White to have an almost
decisive advantage. Danielian put her pieces where they belonged and scooped
an easy victory.} 1. Nf3 d5 2. c4 c6 3. e3 Nf6 4. Nc3 e6 5. b3 Nbd7 6. Bb2 Bd6
7. Qc2 O-O 8. Be2 Re8 9. h3 e5 10. cxd5 cxd5 11. Nb5 Nf8 12. Rc1 a6 13. Nxd6
Qxd6 14. O-O N6d7 15. Qc7 Qe7 16. Rc2 Ne6 17. Qa5 e4 18. Nd4 Qg5 19. Nxe6 Rxe6
20. Rfc1 Re8 21. f4 exf3 22. Bxf3 b5 23. Qc7 Nf8 24. h4 Qf5 25. Qg3 g6 26. Rc5
Bb7 27. Rc7 Bc8 (27... Rab8 28. Bg4 Qe4 29. Qf2 $18) 28. R7c5 Bb7 29. e4 Rxe4
30. Bxe4 Qxe4 31. Re1 Qf5 32. Rc7 Bc8 33. Qc3 f6 34. Qxf6 Qxf6 35. Bxf6 Nd7 36.
Bd4 Kf8 37. Rec1 1-0

[Event "Buenos Aires"]
[Site "Buenos Aires"]
[Date "1980.??.??"]
[Round "?"]
[White "Larsen, Bent"]
[Black "Panno, Oscar"]
[Result "1-0"]
[WhiteElo "2590"]
[BlackElo "2540"]
[Annotator "Chekhov,V"]
[PlyCount "147"]
[EventDate "1980.10.15"]
[EventType "tourn"]
[EventRounds "13"]
[EventCountry "ARG"]
[EventCategory "13"]
[SourceTitle "MCL"]
[Source "ChessBase"]
[SourceDate "1999.07.01"]
[SourceVersion "1"]
[SourceVersionDate "1999.07.01"]
[SourceQuality "1"]

1. c4 Nf6 2. g3 c6 3. b3 g6 4. Bb2 Bg7 5. Bg2 d5 6. Nf3 O-O 7. O-O Bg4 (7...
Nbd7 $5) (7... Bf5 $5) 8. d3 Bxf3 (8... Nbd7 9. Nbd2 Re8 10. h3 Bxf3 11. Nxf3
e5 12. cxd5 cxd5 13. Ne1 Qb6 14. Nc2 Rad8 15. Qd2 $14 {Taimanov,M-Gutman,L/URS/
1976/}) 9. Bxf3 Re8 (9... Nbd7 10. Nd2 e6 11. Qc2 Ne8 12. Bxg7 Nxg7 13. b4 Ne5
14. Bg2 Nf5 15. Qb2 Qf6 16. Rab1 h5 17. e4 Ne7 18. b5 $14 {Petrosian,T-Teufel/
Bamberg/1968/}) 10. Nd2 a5 (10... e5 $5) 11. a3 Na6 12. Bg2 Qd6 13. Qc2 Rec8 (
13... e5 14. cxd5 cxd5 15. Rfc1) 14. Rac1 Qd8 15. Rfd1 (15. Nf3 $5) 15... Nc5 (
15... b5 $5 16. Qb1 {/\Nf3,cb,Nd4/}) 16. d4 Ncd7 17. Qd3 $14 e6 18. Rc2 Qe7 19.
e3 Rd8 (19... e5 $5 20. cxd5 cxd5 21. Rxc8+ Rxc8 22. dxe5 Nxe5 23. Qb5 Rc5) 20.
Qe2 Ne8 21. h4 $5 f5 22. Nf3 Nd6 23. Ne1 a4 $6 (23... h6 $5) 24. c5 Nb5 $2 (
24... Ne4 $5 25. b4 {/\b5/}) 25. b4 h6 26. Bf1 (26. Nd3 $5 e5 27. dxe5 Nxe5 28.
Nxe5 Bxe5 29. Bxd5+ Kh7 30. Bc4 Bxb2 31. Rxb2 Rxd1+ 32. Qxd1 Nxa3 33. Bd3 {
/\h5/}) 26... e5 27. h5 $1 e4 (27... g5 28. Qf3 Qf7 29. dxe5 Nxe5 30. Bxe5 Bxe5
31. Bxb5 cxb5 32. Rcd2 Bc3 33. Rd3 $16) 28. hxg6 Qg5 29. Ng2 $16 Nf8 30. Nf4
Nc7 31. Qh5 Qxh5 32. Nxh5 Nxg6 33. Rb1 $5 Ne7 (33... Nb5 34. f3 {/\Rf2,Bh3/})
34. b5 cxb5 35. Bc3 Nc6 36. Bxb5 Nxb5 37. Rxb5 Ra7 38. Rcb2 Rd7 39. f3 exf3 40.
Rf2 Ra8 41. Rxf3 Rf8 42. Nf4 (42. Kf1 $5) 42... Bf6 43. Nd3 Bd8 44. Rb1 Rf6 45.
Kg2 (45. Kf2 {/\Ke2,Bh3,Rbf1/}) 45... Re6 46. Kf2 Bg5 47. Re1 Rf7 48. Nb2 Ne7
49. Rb1 Ra6 50. Ke2 Rff6 51. Nd3 Ra7 52. Ne5 Re6 53. Kd3 Kg7 54. Bd2 Rea6 55.
Rff1 Bf6 56. Nd7 Re6 57. Rb5 Rc6 58. Rb4 Kg6 59. Rfb1 Rc7 60. Nb6 $18 Bg5 61.
Rh1 (61. Rxa4 Rxa4 62. Nxa4 Kh5) 61... Rc6 62. Bc1 Re6 63. Rxa4 Rxa4 64. Nxa4
Ng8 65. Nb6 Nf6 66. Rf1 Re8 67. a4 Rd8 68. a5 Ne8 69. Bd2 Be7 70. Na4 Rd7 71.
Rb1 Nf6 72. a6 $1 (72. Nc3 {/\Rb6,a6+-/}) 72... bxa6 73. Ba5 Ra7 74. Rb8 {
/\c6-c7/} 1-0

[Event "Nordic-chT"]
[Site "Pohja"]
[Date "1985.??.??"]
[Round "?"]
[White "Karlsson, Lars"]
[Black "Hansen, Curt"]
[Result "1-0"]
[WhiteElo "2550"]
[BlackElo "2505"]
[Annotator "Chekhov,V"]
[PlyCount "57"]
[EventDate "1985.10.??"]
[EventType "team"]
[EventRounds "7"]
[EventCountry "FIN"]
[SourceTitle "MCL"]
[Source "ChessBase"]
[SourceDate "1999.07.01"]
[SourceVersion "1"]
[SourceVersionDate "1999.07.01"]
[SourceQuality "1"]

1. Nf3 d5 2. g3 Nf6 3. Bg2 c6 4. O-O Bf5 5. d3 e6 6. c4 Bc5 (6... Be7 7. Nh4
dxc4 8. Nxf5 exf5 9. dxc4 O-O 10. Qc2 g6 11. Bh6 Re8 12. Nc3 $14 {Rivas/}) (
6... Nbd7 7. Nc3 Bc5 8. cxd5 cxd5 9. Bf4 O-O 10. Na4 Be7 11. Qb3 Qa5 12. Rfc1
Bg4 13. Bd2 Qa6 14. Nd4 Rac8 15. h3 Bh5 16. g4 Bg6 17. Bb4 $16 {Karlsson,
L-Barle,I/JUG/1985/}) (6... h6 7. cxd5 cxd5 (7... exd5 8. Qb3 Qb6 9. e4 dxe4
10. dxe4 Bxe4 11. Qxb6 axb6 12. Re1 Be7 13. Nbd2 Bxf3 14. Bxf3 Nbd7 15. Nc4 Kf8
16. Bf4 $16 {Vaganian/}) 8. Qb3 Qb6 9. Nd4 $1 Bg6 10. Qxb6 axb6 11. Nb5 Kd7 12.
N1c3 Nc6 13. b3 Ra5 {Vaganian,R-Rivas,M/Linares/1985/1/2-1/2/53/} 14. Bb2 $5 {
a3,b4+/-/}) (6... dxc4 $5 7. dxc4 Qxd1 8. Rxd1 Bc2 $1 9. Rd2 Bg6 $132) 7. Qc2
(7. Qb3 Qb6 8. Nbd2 Nbd7 9. Qxb6 axb6 10. b3 dxc4 $1 11. Nxc4 b5 12. Ne3 Bg6
$10 {Karlsson,L-Nikolic,P/JUG/1985/1/2-1/2/23/}) 7... Nbd7 8. a3 a5 $6 (8...
O-O $5 9. b4 Be7 10. Nd4 Bg6 11. Nb3 $14) 9. cxd5 $1 cxd5 (9... exd5 10. e4
dxe4 11. dxe4 Bg6 (11... Bxe4 12. Re1 Qe7 13. Qb3 {[]c3,[]g5/}) 12. Nh4) 10.
Nc3 O-O 11. Bd2 Rc8 (11... h6 $5) 12. Qb3 b6 (12... Qb6 13. Qxb6 Bxb6 14. Rfc1
{[]a4/}) 13. Rfc1 Re8 (13... h6 $5) 14. Qb5 $16 Ng4 (14... h6 15. Na4 $16) 15.
d4 Be7 16. Na4 Bc2 (16... Ngf6 $5 {17.<<c8 1/4c8 18.<<c1 (18.[]b6 1/4b7 19.
>>a5 <<b8) 1/4b7}) 17. Ne1 Bxa4 18. Qxa4 Ngf6 (18... Bd6 19. Rxc8 Qxc8 20. Rc1
Qb7 21. Qc6 $16) 19. Bf4 $1 Nf8 20. Qb5 $18 Ng6 (20... N6d7 21. Rxc8 Qxc8 22.
Rc1 Qd8 23. Nd3) 21. Rxc8 Qxc8 22. Qxb6 Nxf4 23. gxf4 a4 (23... Qb8 $5 24. Qxb8
Rxb8 25. Nd3 Rc8 (25... a4 26. Rc1) 26. b4) 24. Nd3 Qc2 25. Bf3 Bf8 26. Rc1 Qd2
27. Qa6 g5 28. Qxa4 g4 $2 (28... gxf4 29. Rd1 Ra8 30. Rxd2 Rxa4 31. Nxf4 Bh6
32. e3 $18) 29. Bxg4 1-0

[Event "Bundesliga 9697"]
[Site "Germany"]
[Date "1996.??.??"]
[Round "?.4"]
[White "Blatny, Pavel"]
[Black "Schebler, Gerhard"]
[Result "1/2-1/2"]
[WhiteElo "2490"]
[BlackElo "2425"]
[Annotator "ChessBase"]
[PlyCount "161"]
[EventDate "1996.10.12"]
[EventType "team-tourn"]
[EventRounds "15"]
[EventCountry "GER"]
[SourceTitle "GER-chT"]
[Source "ChessBase"]
[SourceDate "1999.07.01"]
[SourceVersion "1"]
[SourceVersionDate "1999.07.01"]
[SourceQuality "1"]
[WhiteTeam "Werder Bremen"]
[BlackTeam "Wuppertal"]
[WhiteTeamCountry "GER"]
[BlackTeamCountry "GER"]

1. Nf3 Nf6 2. c4 g6 3. b3 Bg7 4. Bb2 O-O 5. g3 c6 6. Bg2 d5 7. O-O b6 8. cxd5
cxd5 9. Na3 Nc6 10. Rc1 Bb7 11. Qc2 Rc8 12. Qb1 Qd7 13. Rfe1 Rfd8 14. b4 Ng4
15. h3 Bxb2 16. Qxb2 Nf6 17. b5 Nb8 18. Ne5 Qe6 19. Nc2 Qd6 20. f4 Rc5 21. Nd3
Rc7 22. Nd4 Rdc8 23. Rxc7 Rxc7 24. Ne5 Nfd7 25. Ng4 Nf6 26. Nh6+ Kf8 27. e3 Ng8
28. Ng4 Nd7 29. Nf3 f6 30. Rf1 Kg7 31. Nge5 Nc5 32. Ng4 Ne4 33. Kh2 h5 34. Nf2
Nxf2 35. Rxf2 Nh6 36. Bf1 Nf7 37. f5 gxf5 38. Nh4 Bc8 39. Rxf5 d4 40. exd4 Ng5
41. Bg2 Rc4 42. Rd5 Qc7 43. Qb1 Rc2 44. Rc5 Rxc5 45. Qg6+ Kf8 46. dxc5 Qxc5 47.
Qxh5 Be6 48. Ng6+ Kg7 49. h4 Ne4 50. Qxc5 Nxc5 51. Nxe7 Bxa2 52. d4 Ne6 53. d5
Nc5 54. Nc8 Bc4 55. Nxa7 Nb7 56. Nc8 Bxb5 57. d6 Nc5 58. Nxb6 f5 59. Bh3 Kf6
60. Nd5+ Ke5 61. h5 Ne4 62. Bf1 Nxd6 63. Bxb5 Kxd5 64. h6 Nf7 65. h7 Ke5 66.
Be8 Nh8 67. Kh3 Kf6 68. Kh4 Ke7 69. Bb5 Kf6 70. Bd7 Kg7 71. Be8 Kxh7 72. Kg5
Kg7 73. Kxf5 {Jetzt steht Weiß auf Gewinn - das sagt die Endspiel-CD, aber man
erkennt es auch selbst, denn Schwarz gerät in Zugzwang. Aber es gibt noch
Fallstricke, nämlich in Form von Pattwitzen.} Kf8 74. Bh5 Kg7 75. Kg5 (75. g4
$2 Nf7 $11) 75... Kh7 (75... Kf8 76. Kh6 Ke7 77. Kg7 $18) 76. Be8 $1 (76. Kf6
$2 Kh6 77. g4 Ng6 $11) 76... Kg7 77. g4 Kh7 (77... Kf8 78. Bg6 Kg7 79. Bh5 Kh7
80. Kf6 Kg8 81. g5 Kf8 82. Bg4 Kg8 83. Be6+ Kf8 84. Bd5 Ke8 85. Kg7 $18) 78.
Kf6 Kg8 79. Bg6 $6 Kf8 80. Bh5 $2 Nf7 $1 $11 81. Ke6 {...} 1/2-1/2

[Event "Candidates qf Kortschnoj-Petrosian +2-0"]
[Site "Velden"]
[Date "1980.03.??"]
[Round "7"]
[White "Kortschnoj, Viktor Lvovich"]
[Black "Petrosian, Tigran V"]
[Result "1/2-1/2"]
[WhiteElo "2695"]
[BlackElo "2615"]
[Annotator "ChessBase"]
[PlyCount "75"]
[EventDate "1980.03.08"]
[EventType "match"]
[EventRounds "9"]
[EventCountry "AUT"]
[SourceTitle "Candidates"]
[Source "ChessBase"]
[SourceDate "1999.07.01"]
[SourceVersion "2"]
[SourceVersionDate "1999.07.01"]
[SourceQuality "1"]

1. c4 c6 2. Nf3 d5 3. e3 Nf6 4. Nc3 e6 5. b3 (5. d4 Nbd7 {-D45-49}) 5... Nbd7
6. Bb2 (6. d4 $142 {-D45}) 6... e5 $5 7. d4 (7. cxd5 cxd5 8. g4 d4 $5 9. exd4
e4 $146) 7... e4 8. Nd2 (8. Ne5 $5 Bd6 $10) 8... Be7 9. a3 O-O 10. b4 Re8 11.
c5 $6 (11. Be2 $142 $13) 11... Nf8 12. Be2 Qd7 $1 $36 13. Qc2 Qf5 14. f4 $8 (
14. O-O Qg5 15. Kh1 Bd8 $17) 14... g5 $5 (14... Qg6 $17 {/\Bg4}) 15. g3 gxf4
16. gxf4 Qh3 17. Rg1+ Ng6 18. Nf1 Qh4+ (18... Ng4 $17) 19. Ng3 Ng4 20. Bxg4 $8
(20. Kd2 $2 Nxe3 $1 $19) 20... Bxg4 21. Qf2 Qh3 $1 22. Nce2 $8 Nh4 23. O-O-O
Kh8 $2 (23... f5 $19 {/\Kf7,Rg8,Nf3}) 24. Nxe4 $1 $132 {/\Rg3+-} Qf3 $1 (24...
Bxe2 $2 25. Qxe2 dxe4 26. d5+ f6 27. d6 Bd8 28. Qh5 $18) 25. Qxf3 Bxf3 26. N4g3
Bf6 $44 27. Rd3 Re7 28. Bc3 Rae8 29. Bd2 h6 (29... Bxe2 30. Nxe2 Nf5 31. Ng3
Nxe3 32. Bxe3 Rxe3 33. Kd2 R3e7 $15) 30. Rf1 Kh7 31. Rb3 (31. Ng1 $5 Bg4 32. f5
Rg8 $1 $13 33. Be1) 31... Bg4 32. Rf2 Nf3 33. h3 $1 Nxd2 34. Kxd2 Bxh3 35. Nh5
Bh8 36. f5 Rg8 37. Neg3 (37. Nef4 $142 $1 {/\} Bxf5 $2 38. Nxd5 $18) 37... Bg4
38. Rb1 (38. Rb1 Rge8 $10) 1/2-1/2

[Event "Moscow"]
[Site "Moscow"]
[Date "1986.??.??"]
[Round "?"]
[White "Romanishin, Oleg M"]
[Black "Suba, Mihai"]
[Result "1-0"]
[WhiteElo "2560"]
[BlackElo "2545"]
[Annotator "ChessBase"]
[PlyCount "83"]
[EventDate "1986.03.??"]
[EventType "tourn"]
[EventRounds "13"]
[EventCountry "URS"]
[EventCategory "11"]
[SourceTitle "MCL"]
[Source "ChessBase"]
[SourceDate "1999.07.01"]
[SourceVersion "1"]
[SourceVersionDate "1999.07.01"]
[SourceQuality "1"]

1. c4 Nf6 2. g3 c6 3. Bg2 d5 4. Nf3 Bg4 $6 (4... dxc4 $1) 5. Ne5 Bh5 (5... Be6
$142 $5 {/\} 6. cxd5 Bxd5 7. Nf3 c5 8. Nc3 Bc6 $132) 6. cxd5 cxd5 7. Nc3 e6 8.
Qa4+ (8. g4 Bd6 $1 9. Qa4+ Kf8 $13) 8... Nbd7 9. g4 Bg6 10. h4 $36 Bc2 (10...
Bd6 11. Nxd7 Qxd7 12. Qxd7+ Kxd7 13. h5 Be4 (13... Bc2 14. d3 Nxg4 15. Kd2 d4
16. Kxc2 dxc3 17. bxc3 $16 {Dzindzichashvili,R-Hebert,J,Buenos Aires olm 1978})
14. f3 Bc2 15. g5 Ne8 (15... Bg3+ 16. Kf1 Ne8 17. d3 {><c2} Be5 $8 18. f4 Bxc3
19. bxc3 $16 {Romanishin}) 16. d3 d4 17. Kd2 (17. Nb5 $5) 17... dxc3+ 18. Kxc2
cxb2 19. Bxb2 $16 {Petrosian,A-Beliavsky,A,Minsk 1976}) (10... h6 11. Nxg6 fxg6
12. g5 hxg5 13. hxg5 Rxh1+ 14. Bxh1 Nh7 15. Qg4 $1 $16 {Kourkonakis,I-Engquist,
T,Gausdal 1990}) 11. Nxf7 $1 $16 Bxa4 (11... Kxf7 12. Qxc2 Nxg4 13. Nxd5 $18)
12. Nxd8 Kxd8 13. Nxa4 Nxg4 14. Bh3 Ndf6 15. d4 (15. Rg1 $142 h5 16. f3 Ne5 17.
Bxe6 $16) 15... Rc8 (15... Kd7 $5 16. Bf4 $36) 16. Nc5 (16. f3 $5 $18 Rc4 17.
b3 Rxd4 18. fxg4 b5 19. Nb2) 16... Bxc5 17. dxc5 Ne5 (17... Rxc5 18. Rg1 $16)
18. Rg1 g6 19. Bf4 Ned7 20. Bxe6 Rxc5 21. Be3 Rc6 (21... Rc2 $6 22. Kd1 Rxb2
23. Bxd7 {/\Bd4+-}) 22. Bh3 Re8 23. Rd1 Rc2 24. Rd2 Rc1+ 25. Rd1 Rc2 26. h5 $1
Rxb2 (26... Nxh5 27. Rxd5 Nhf6 28. Rd2 Rc1+ 29. Rd1 Rc2 30. Kf1 $1 $16 Rxb2 $2
31. Bd4) (26... gxh5 $142 $5) 27. hxg6 hxg6 28. Rxg6 Rxa2 29. Kf1 $1 {/\Bg5+-}
Rh8 30. Bg2 Ke7 31. Bxd5 Nxd5 32. Rxd5 $40 Rh7 33. Bg5+ Kf7 34. Rgd6 Ke8 (34...
Nf8 35. Rf5+ Kg8 36. Bh6 $16) 35. Re6+ $18 Kf8 36. Bh6+ Rxh6 $8 (36... Kg8 37.
Re8+ Kf7 38. Rxd7+) 37. Rxh6 Nb6 38. Rc5 Kg7 39. Rd6 Kf8 40. Rc7 Ke8 41. Rxb7
Nc4 42. Rh6 1-0

[Event "POR-chT"]
[Site "Portugal"]
[Date "1994.??.??"]
[Round "?"]
[White "Spraggett, Kevin"]
[Black "Santos, Carlos Pereira Dos"]
[Result "1-0"]
[WhiteElo "2550"]
[BlackElo "2300"]
[Annotator "ChessBase"]
[PlyCount "79"]
[EventDate "1994.??.??"]
[EventType "team"]
[EventRounds "11"]
[EventCountry "POR"]
[SourceTitle "EXT 1998"]
[Source "ChessBase"]
[SourceDate "1997.11.17"]
[SourceVersion "1"]
[SourceVersionDate "1997.11.17"]
[SourceQuality "1"]

1. c4 e6 2. Nf3 d5 3. e3 c6 4. b3 Bd6 5. Bb2 Nf6 6. Nc3 O-O 7. Be2 Nbd7 8. O-O
a6 9. d4 b5 10. Qc2 Bb7 11. Rad1 Qb8 12. h3 dxc4 13. bxc4 b4 14. Ne4 Nxe4 15.
Qxe4 c5 16. d5 e5 17. Qc2 Qd8 18. e4 a5 19. Nh2 a4 20. a3 Re8 21. Ng4 Nf8 22.
f4 Ng6 23. f5 Nf4 24. Rf3 Bc8 25. Bf1 Bd7 26. Re1 h5 27. Nf2 h4 28. Kh2 Rb8 {
As pretas entram em fortes apuros de tempo} 29. axb4 cxb4 30. c5 Qc7 31. c6
Bxf5 32. Qxa4 Bg6 33. Qb3 Ra8 34. Bc4 Ra5 35. Kh1 Rea8 36. Nd3 Bh5 $4 {[#]} 37.
Rxf4 $1 exf4 38. e5 Bf8 39. Nxf4 Bg6 (39... g6 40. d6 Qxc6 41. Bxf7+ Kg7 42.
Nxh5+ gxh5 43. e6+ Kh6 44. e7) 40. Nxg6 1-0

[Event "AUT-ch"]
[Site "Voitsberg"]
[Date "1995.??.??"]
[Round "12"]
[White "Eisterer, Heinrich"]
[Black "Casagrande, Harald"]
[Result "0-1"]
[WhiteElo "2360"]
[BlackElo "2340"]
[Annotator "ChessBase"]
[PlyCount "60"]
[EventDate "1995.??.??"]
[EventType "tourn"]
[EventRounds "15"]
[EventCountry "AUT"]
[EventCategory "5"]
[SourceTitle "CBM 049 Extra"]
[Source "ChessBase"]
[SourceDate "1996.01.01"]
[SourceVersion "1"]
[SourceVersionDate "1996.01.01"]
[SourceQuality "1"]

1. Nf3 d5 2. g3 c6 3. Bg2 Bg4 4. c4 e6 5. cxd5 exd5 6. O-O Nd7 7. d3 Ngf6 8. a3
a5 9. Nc3 Be7 10. Rb1 O-O 11. b4 axb4 12. axb4 Bxf3 13. Bxf3 d4 14. Na4 b5 15.
Nc5 Nxc5 16. bxc5 Nd5 {[#]} 17. Bb2 Bf6 18. Qb3 Ne7 19. Ra1 Qd7 20. Ra2 Qf5 21.
Rfa1 Rxa2 22. Rxa2 Qxc5 23. Ba3 Qc3 24. Qb1 c5 25. Qxb5 Rc8 26. Bg4 Rd8 27.
Bxc5 Qc1+ 28. Kg2 Qg5 29. Qd7 $4 (29. Ra7 $142) 29... Rxd7 30. Ra8+ Nc8 0-1

[Event "EU-ch 4th"]
[Site "Istanbul"]
[Date "2003.06.06"]
[Round "7"]
[White "Malakhov, Vladimir"]
[Black "Dautov, Rustem"]
[Result "1-0"]
[WhiteElo "2672"]
[BlackElo "2611"]
[Annotator "Dautov,R"]
[PlyCount "79"]
[EventDate "2003.05.30"]
[EventType "swiss"]
[EventRounds "13"]
[EventCountry "TUR"]
[SourceTitle "CBM 096"]
[Source "ChessBase"]
[SourceDate "2003.09.25"]
[SourceVersion "1"]
[SourceVersionDate "2003.09.25"]
[SourceQuality "1"]

1. Nf3 d5 2. c4 c6 3. e3 Nf6 4. Nc3 a6 5. b3 Bf5 6. Be2 h6 7. O-O e6 8. Bb2 Bd6
9. d4 Nbd7 {Malakhov hat die Eröffnung ohne große Ansprüche gespielt, und
Schwarz bekam ohne Anstrengung eine bequeme Stellung. Anstatt des Textzuges
kam das typische 9...b5!? in Frage, um dem einzig plausiblen gegnerischen Plan
mit c5, b4, usw. vorzubeugen.} (9... b5 $5 10. Ne5 Nfd7 11. f4 O-O $11) 10. c5
Bc7 11. b4 O-O 12. a4 Qe7 {Nach dem langen Nachdenken entschied ich mich für
den künstlich aussehenden Plan 13...Ba5. Die natürliche Fortsetzung 12...e5
gefiel mir wegen 13.b5 nicht, da ich die Aussperrung meines Läufers auf b8
durch b5-b6 befürchtete. Diese Befürchtungen waren grundlos: der Läufer auf b8
hätte zwar keine Züge, bliebe aber sehr aktiv, und der Bauer b7 war nur schwer
angreifbar. Auch das typische Gegenspiel 12...b6! sah vielversprechend aus.} (
12... e5 $5 13. b5 (13. dxe5 Nxe5 14. Nxe5 Bxe5 15. f4 Bc7 16. Qd4 Re8 $11)
13... axb5 14. axb5 Rxa1 15. Qxa1 e4 16. Nd2 Bg4 17. b6 Bb8 $13) (12... b6 $5
13. cxb6 Bxb6 14. Qb3 Qb8 $11 {/\Bc7-d6}) 13. b5 Ba5 $6 ({Nichts sprach gegen} 
13... axb5 14. axb5 e5 $1 15. b6 Rxa1 16. Qxa1 Bb8 $132) 14. Nd2 $1 Bxc3 $2 {
Erst dieser Zug ist ein ernsthafter Fehler. Die verlorene Kontrolle über die
schwarzen Felder werde ich durch nichts kompensieren können. Trotz des
Zeitverlustes war die Rückkehr des Läufers nach c7 die beste Wahl.} (14... axb5
$1 15. axb5 e5 16. Nb3 (16. dxe5 Nxe5 17. Nb3 Bc7 18. Nd4 Bd7 $11) 16... Bc7 $1
17. b6 (17. Qd2 Rfe8 $11) 17... Rxa1 18. Qxa1 (18. Bxa1 Bb8 19. Na5 Re8 $11)
18... Bb8 19. Na5 exd4 20. exd4 Re8 21. Nxb7 Nxb6 22. cxb6 Qxb7 23. Qa6 Qxa6
24. Bxa6 Nd7 25. Bb7 (25. b7 Ba7 $15) 25... Nxb6 26. Bxc6 Rd8 $11) 15. Bxc3 $14
Ne4 16. Ba5 Nxd2 17. Qxd2 axb5 18. axb5 e5 19. Bc3 exd4 {Weiß plante nicht nur
b5-b6 nebst Ra7, sondern hatte auch die Läuferüberführung Ba5-c7-d6 im Sinn.
Die Zentrumsöffnung kommt natürlich dem weißen Läuferpaar zugute, ließ sich
aber auf Dauer nicht vermeiden.} (19... e4 $2 20. Qb2 $16) 20. Qxd4 (20. Bxd4
Be4 $14 {/\Qg5}) 20... f6 21. Bb4 Qe5 (21... Qf7 {/\Qg6} 22. Rxa8 Rxa8 23. Ra1
Rxa1+ 24. Qxa1 $14) 22. b6 $1 $16 {Das kommende Ra1-a7 wird Schwarz zur
Aufgabe der a-Linie zwingen, da der Turmtausch sehr riskant wäre.} Rfe8 (22...
Rxa1 23. Rxa1 Rf7 24. Ra7 Nf8 25. Bc3 $16) 23. Ra7 Rab8 (23... Qxd4 $6 24. exd4
Rxa7 25. bxa7 Ra8 26. Ra1 Nf8 27. f3 Ne6 28. Bc3 Nc7 29. Ra2 $1 (29. Be1 $2 Na6
30. Bxa6 Rxa7 $15) 29... Kf7 30. Be1 $16 {/\Bg3}) 24. Bc3 Qxd4 $2 {Der
Damentausch erleichtert das Spiel von Weiß. Viel besser war 24...Nf8 mit der
weiteren "wait and see"-Strategie. Tauscht Weiß die Damen auf e5, verwehrt ihm
das Schlagen fxe5 das wichtige Feld d4.} (24... Nf8 $16) 25. Bxd4 Nf8 26. f3 {
Deutet die Gefahr des kommenden Manövers Bc3-e1-g3 an.} Ne6 27. Kf2 Nxd4 $2 {
Trotz der besagten Gefahr durfte ich den Läufer nicht abtauschen, denn ohne
ihn gewinnt die taktische Idee Ba6 an Kraft.} (27... Re7 28. Rfa1 Kf7 29. Ra8
Rxa8 30. Rxa8 Re8 31. Ra7 Re7 $16) 28. exd4 $18 {Nun ist die schwarze Stellung
nach und nach verloren. Weiß tauscht ein Turmpaar ab und erobert die wichtige
Diagonale b1-h7.} Re7 (28... g5 29. Re1 Kf8 30. Bf1 Rxe1 31. Kxe1 $18) 29. Rfa1
Rbe8 30. Bf1 Kf7 31. Ra8 Rxa8 32. Rxa8 Re8 33. Ra7 Bc8 34. Bd3 h5 (34... g5 35.
g4 $1 Re7 (35... Kf8 36. Bg6 $18) 36. Ra8 Re8 37. Rb8 $18 {/\Bf5}) 35. h4 $1 g6
36. g4 $1 Re7 37. Ra8 Re8 38. gxh5 gxh5 39. Kg3 Be6 $2 (39... Rf8 40. Kf4 Re8
41. Bf5 $18) 40. Bg6+ 1-0